|
|
|
|
| LEADER |
00000nkm a2200000 a 4500 |
| 001 |
vtls011633599 |
| 003 |
SK-MaSNL |
| 005 |
20260331210321.0 |
| 007 |
kf co |
| 008 |
231206q1972 xo g 00 kuslo |
| 015 |
|
|
|a SNBG
|
| 040 |
|
|
|a SNK
|b slo
|c SNK
|e AACR2
|
| 041 |
0 |
|
|a slo
|
| 043 |
|
|
|a e-xo---
|
| 044 |
|
|
|a xo
|c SK
|
| 080 |
|
|
|a 913(437.6)
|2 2011
|
| 080 |
|
|
|a 711.455:615.838
|2 2011
|
| 080 |
|
|
|a (084.121)
|2 2011
|
| 100 |
1 |
|
|a Čeněk, Jaroslav
|4 pht
|9 257934
|
| 245 |
1 |
0 |
|a Kúpele Turčianske Teplice
|h grafika
|c Foto J. Čeněk, J. Cincík
|
| 246 |
3 |
4 |
|a Turčianske Teplice
|
| 260 |
|
|
|a Bratislava
|b Pressfoto
|c [1972?]
|
| 300 |
|
|
|a 1 pohľadnica (4 čiastkové pohľady)
|b farebná
|c 11 x 15 cm
|
| 520 |
8 |
|
|a Zobrazenie: pohľady na budovu mestského úradu, Liečebný dom Fatra, Modrý kúpeľ a kúpalisko
|
| 650 |
0 |
7 |
|a kúpele
|2 SNKPH
|9 1139
|
| 651 |
|
7 |
|a Turčianske Teplice (Slovensko)
|2 SNKPH
|9 25478
|
| 655 |
|
7 |
|a miestne pohľadnice
|2 SNKPH
|9 70510
|
| 700 |
1 |
|
|a Cincík, Jozef,
|d 1908-1982
|4 pht
|9 55163
|
| 958 |
|
|
|a GC
|
| 958 |
|
|
|a GBN
|
| 958 |
|
|
|a OND
|
| 999 |
|
|
|c 851249
|d 853179
|
| 952 |
|
|
|a SNK
|b SNK
|y PREZ
|7 0
|p 17A1224639
|o snkSP 25097
|0 0
|1 0
|4 0
|d 2017-05-30
|f 1
|l 0
|r 2026-02-24 04:41:44
|w 2026-02-24
|